International marketing and export management / (Record no. 1929)

000 -LEADER
fixed length control field 00997nam a2200301 a 4500
001 - CONTROL NUMBER
control field 1606674
003 - CONTROL NUMBER IDENTIFIER
control field OSt
005 - DATE AND TIME OF LATEST TRANSACTION
control field 20150810094424.0
008 - FIXED-LENGTH DATA ELEMENTS--GENERAL INFORMATION
fixed length control field 940728s1994 enka b 001 0 eng
010 ## - LIBRARY OF CONGRESS CONTROL NUMBER
LC control number 94188494
020 ## - INTERNATIONAL STANDARD BOOK NUMBER
International Standard Book Number 0201624044
040 ## - CATALOGING SOURCE
Original cataloging agency DLC
Transcribing agency DLC
Modifying agency DLC
050 00 - LIBRARY OF CONGRESS CALL NUMBER
Classification number HF1416.I617 1994
082 00 - DEWEY DECIMAL CLASSIFICATION NUMBER
Classification number 658.8/48
Edition number 20
100 ## - MAIN ENTRY--PERSONAL NAME
Personal name Albaum, Gerald
245 00 - TITLE STATEMENT
Title International marketing and export management /
Statement of responsibility, etc Gerald Albaum ... [et al.].
250 ## - EDITION STATEMENT
Edition statement 2nd ed.
260 ## - PUBLICATION, DISTRIBUTION, ETC. (IMPRINT)
Place of publication, distribution, etc Wokingham, England ;
-- Reading, Mass. :
Name of publisher, distributor, etc Addison-Wesley,
Date of publication, distribution, etc c1994.
300 ## - PHYSICAL DESCRIPTION
Extent xix, 484 p. :
Other physical details ill. ;
Dimensions 25 cm.
490 1# - SERIES STATEMENT
Series statement International business series
504 ## - BIBLIOGRAPHY, ETC. NOTE
Bibliography, etc Includes bibliographical references and index.
650 #0 - SUBJECT ADDED ENTRY--TOPICAL TERM
Topical term or geographic name as entry element Export marketing
General subdivision Management.
700 1# - ADDED ENTRY--PERSONAL NAME
Personal name Albaum, Gerald S.
830 #0 - SERIES ADDED ENTRY--UNIFORM TITLE
Uniform title International business series (Wokingham, England)
906 ## - LOCAL DATA ELEMENT F, LDF (RLIN)
a 7
b cbc
c orignew
d 3
e ncip
f 19
g y-gencatlg
942 ## - ADDED ENTRY ELEMENTS (KOHA)
Source of classification or shelving scheme
Koha item type Book
Holdings
Withdrawn status Lost status Source of classification or shelving scheme Damaged status Not for loan Home library Current library Shelving location Date acquired Total Checkouts Full call number Barcode Date last seen Copy number Price effective from Koha item type
          Riara University Library Riara University Library General stack 10/08/2015   HF1416.I617 1994 6322/15 05/10/2016 C.1 10/08/2015 Book

Riara University Library,
P.O. Box 49940-00100,
Nairobi, Kenya.